| 000 | 00473cam a2200169 4500 | ||
|---|---|---|---|
| 001 | D3539 | ||
| 008 | 090401t1982 xxu||||| |||| 00| 0 eng d | ||
| 035 | _a(Sirsi) u73672 | ||
| 041 | _aeng | ||
| 050 | _a333.33 | ||
| 245 | _aEstates Times review February 1982. Special feature: retailing. London focus: Merton and Sutton | ||
| 260 |
_aLondon _bMorgan-Grampian (Construction Press) _c1982 |
||
| 300 | _a66p. ill. 30cm | ||
| 350 | _a2 | ||
| 942 | _n0 | ||
| 948 | _c04/03/1997 | ||
| 999 |
_c95673 _d95673 |
||